000
00270nam a2200133Ia 4500
100
_a
Cohen/ S.S.
942
_c
BK
654
_a
Operation
245
_a
Operation Research
260
_b
Edward Arnold .
_c
1985
082
_a
3
_b
COH
300
_a
245
546
_a
ENGLISH
999
_c
35515
_d
35515